El conocimiento del profesorado para enseñar probabilidad: Un análisis global desde el m odelo del Conocimiento Didáctico - Matemático (Record no. 180440)
[ view plain ]
| 000 -CABECERA | |
|---|---|
| campo de control de longitud fija | 01808nab a2200289 a 4500 |
| 005 - FECHA Y HORA DE LA ÚLTIMA TRANSACCIÓN | |
| campo de control | 20250227063834.0 |
| 008 - ELEMENTOS DE LONGITUD FIJA--INFORMACIÓN GENERAL | |
| campo de control de longitud fija | 991125s1985 mx 000 0 spa u |
| 035 ## - NÚMERO DE CONTROL DEL SISTEMA | |
| Número de control de sistema | UPN01000208339 |
| 049 ## - COLECCIÓN | |
| Colección | ART-E |
| 100 1# - ASIENTO PRINCIPAL--NOMBRE PERSONAL | |
| Nombre de persona | Vásquez Ortiz, Claudia |
| 100 1# - ASIENTO PRINCIPAL--NOMBRE PERSONAL | |
| Nombre de persona | Alsina i Pastells, Angel |
| 9 (RLIN) | 30697 |
| 222 #0 - TÍTULO CLAVE | |
| Título clave | AVANCES DE INVESTIGACION EN EDUCACION MATEMATICA |
| 245 00 - MENCIÓN DE TÍTULO | |
| Título | El conocimiento del profesorado para enseñar probabilidad: Un análisis global desde el m odelo del Conocimiento Didáctico - Matemático |
| 260 ## - PUBLICACIÓN, DISTRIBUCIÓN, ETC. | |
| Lugar de publicación, distribución, etc. | España |
| 300 ## - DESCRIPCIÓN FÍSICA | |
| Extensión | 27-48 |
| 362 0# - FECHAS DE PUBLICACIÓN Y/O DESIGNACIÓN SECUENCIAL | |
| Fecha de publicación y/o designación secuencial | 2015 No. 7 |
| 336 ## - TIPO DE CONTENIDO | |
| Término de tipo de contenido | texto$2rdacontent |
| 337 ## - TIPO DE MEDIO | |
| Nombre/término del tipo de medio | computadora$2rdamedia |
| 338 ## - TIPO DE SOPORTE | |
| Nombre/término del tipo de soporte | recurso en linea$2rdacarrier |
| 520 3# - NOTA DE RESUMEN, ETC. | |
| Sumario, etc. | En este artículo se presenta un análisis global de los resultados obtenidos en un estudio exploratorio sobre el conocimiento didáctico - matemático para enseñar probabilidad de los profesores de Educación Primaria, fundamentado en el modelo del Conocimiento Didáctico - Matemático (CDM) . Para evaluar las distintas facetas que involucra este tipo de conocimiento se analizan las prácticas matemáticas de 93 profesores de Educación Primaria en activo, a partir de las respuestas al cuestionario de respuesta abierta CDM - Probabilidad. Los resultados evidencian un conocimiento didáctico - matemático muy insuficiente para las distintas categorías que lo componen. Se concluye que es urgente elaborar progra mas de intervención que permitan desarrollar el conocimiento didáctico - matemático sobre probabilidad de los profesores de Educación Primaria . |
| 653 0# - TERMINO DE INDIZACION - NO CONTROLADO | |
| Término no controlado | PROBABILIDAD |
| 653 0# - TERMINO DE INDIZACION - NO CONTROLADO | |
| Término no controlado | EDUCACION PRIMARIA |
| 653 0# - TERMINO DE INDIZACION - NO CONTROLADO | |
| Término no controlado | CONOCIMIENTO MATEMATICO |
| 856 4# - LOCALIZACIÓN Y ACCESO ELECTRÓNICOS | |
| Identificador Uniforme del Recurso | <a href="http://www.aiem.es/index.php/aiem/article/view/104/45">http://www.aiem.es/index.php/aiem/article/view/104/45</a> |
| 905 ## - TIPO DE MATERIAL | |
| Tipo de material | Articulo |
No items available.
